MARC

LEADER 00000nam0a2200000 4500
001 292308
005 20231102000500.0
020 |a RU  |b 83-81317 
035 |a (RuTPU)RU\TPU\book\316923 
090 |a 292308 
100 |a 20150421d1983 m y0rusy5003 ca 
101 0 |a rus 
102 |a BY 
105 |a y z 001zy 
200 1 |a Рациональное использование электрической и тепловой энергии  |f М. В. Плюто, Р. В. Клавсуть 
210 |a Минск  |c Полымя  |d 1983 
215 |a 127 с.  |c граф.  |d 20 см 
320 |a Библиогр.: с. 124-125 
606 1 |a Промышленные предприятия  |x Экономия энергии и топлива  |x Экономия электроэнергии и топлива  |2 stltpush  |3 (RuTPU)RU\TPU\subj\52727  |9 71130 
610 1 |a электрическая энергия 
610 1 |a тепловая энергия 
610 1 |a рациональное использование 
610 1 |a расход 
610 1 |a нормирование 
610 1 |a учет 
610 1 |a собственные нужды 
610 1 |a энергетические ресурсы 
610 1 |a бытовое использование 
610 1 |a вторичные энергетические ресурсы 
675 |a 658.26.004.18  |z rus  |v 4 
700 1 |a Плюто  |b М. В.  |g Михаил Васильевич  |4 070 
701 1 |a Клавсуть  |b Р. В.  |g Роман Владимирович  |4 070 
801 0 |a RU  |b RuMRKP  |c 19950704  |g psbo 
801 1 |a RU  |b 63413507  |c 20150421 
801 2 |a RU  |b 63413507  |c 20181219  |g RCR 
942 |c BK